书目信息 |
| 题名: |
大众趣味体育竞赛游戏
|
|
| 作者: | 郑志步 编著 | |
| 分册: | ||
| 出版信息: | 北京 科学出版社 2007.09 |
|
| 页数: | 233页 | |
| 开本: | 24cm | |
| 丛书名: | ||
| 单 册: | ||
| 中图分类: | G898.1 | |
| 科图分类: | ||
| 主题词: | 体育--ti yu--游戏--基础知识 | |
| 电子资源: | ||
| ISBN: | 978-7-03-020013-6 | |
| 000 | 00799nam0 2200229 450 | |
| 001 | 012007903684 | |
| 005 | 20071130202218.50 | |
| 010 | @a978-7-03-020013-6@dCNY28.00 | |
| 100 | @a20071130d2007 km y0chiy0120 ea | |
| 101 | 0 | @achi |
| 102 | @aCN@b110000 | |
| 105 | @aa z 000yy | |
| 106 | @ar | |
| 200 | 1 | @a大众趣味体育竞赛游戏@Ada zhong qu wei ti yu jing sai you xi@f郑志步等编著@Fzheng zhi bu deng bian zhu |
| 210 | @a北京@c科学出版社@d2007.09 | |
| 215 | @a233页@c图@d24cm | |
| 330 | @a本书中所选游戏包括径赛类、田赛类、球类、民俗游戏类、家庭游戏类、老年游戏类和拓展运动类,设计科学合理,形式新颖,具有时代特征。 | |
| 606 | 0 | @a体育@Ati yu@x游戏@x基础知识 |
| 690 | @aG898.1@v4 | |
| 701 | 0 | @a郑志步@Azheng zhi bu@4编著 |
| 801 | 0 | @aCN@bQSSK@c20071130 |
| 905 | @b268669-71@dG898.1@eZ455@f3 | |
| 大众趣味体育竞赛游戏/郑志步等编著.-北京:科学出版社,2007.09 |
| 233页:图;24cm |
| ISBN 978-7-03-020013-6:CNY28.00 |
| 本书中所选游戏包括径赛类、田赛类、球类、民俗游戏类、家庭游戏类、老年游戏类和拓展运动类,设计科学合理,形式新颖,具有时代特征。 |
| ● |
| 相关链接 |
|
|
|
正题名:大众趣味体育竞赛游戏
索取号:G898.1/Z455
 
预约/预借
| 序号 | 登录号 | 条形码 | 馆藏地/架位号 | 状态 | 备注 |
| 1 | 268669 | 202686691 | 社科库409/409社科库 29排4列4层/ [索取号:G898.1/Z455] | 在馆 | |
| 2 | 268670 | 202686708 | 社科库409/409社科库 29排4列4层/ [索取号:G898.1/Z455] | 在馆 | |
| 3 | 268671 | 202686717 | 体育教学部资料室/ [索取号:G898.1/Z455] | 在馆 |